Entscheiden bei Unschärfe Fuzzy Decision Support-Systeme

Gespeichert in:
Bibliographische Detailangaben
1. Verfasser: Rommelfanger, Heinrich
Format: Buch
Sprache:Deutsch
Veröffentlicht: Berlin Springer 1988
Ausgabe:1. Aufl.
Tags: Tag hinzufügen
Keine Tags, Fügen Sie das erste Tag hinzu!

MARC

LEADER 00000nam a2200000 4500
001 c039081
005 20221219110908.9
041 0 |a ger 
044 |a DE 
245 1 0 |a Entscheiden bei Unschärfe  |b Fuzzy Decision Support-Systeme  |c Heinrich Rommelfanger 
250 |a 1. Aufl. 
264 1 |a Berlin  |b Springer  |c 1988 
300 |a 304 s. 
100 1 |a Rommelfanger, Heinrich